000
00326nam a22001337a 4500
008
181024b xxu||||| |||| 00| 0 eng d
020
_a
9781429231237
041
_a
eng
080
_2
8th
_a
540
100
_a
12
101
_a
kim
245
_a
Solution Manual for Quantitative Chemical Analysis
_c
Harris,D.C
942
_2
udc
_c
BK
999
_c
50796
_d
50796